00718nam a2200193 i 450000100060000000300090000600500170001500700030003200800410003510000610007624500730013726000480021030000500025849000630030865100280037170000410039983000630044085200210050323699ES-MaACL20250928103917.0t|021212s1888 sp ||||1| spa d1 aAmador de los Ríos y Fernández de Villalta, Rodrigo.10aBurgos / cpor Rodrigo Amador de los Ríos ; dibujos de Isidro Gil. aBarcelona : bDaniel Cortezo y Cª, c1888. aXXVI, 1081 p. : bil. en col. y n. ; c24 cm.1 aEspaña: sus monumentos y artes, su naturaleza e historia 4aBurgos-xDescripción.1 aGil y Gavilondo, Isidro, d1843-19170 aEspaña: sus monumentos y artes, su naturaleza e historia aES-MaACLjC-2039